ewige Tabelle der 2. Bundesliga - Statistiken

Allgemein
  • Dieses Quiz wurde 61 mal gespielt
  • Das Durchschnittsergebnis liegt bei 27 aus 128
Antwortstatistiken
Platz Punkte Verein % Korrekt
49 411 Hamburger SV
73%
35 594 1. FC Köln
71%
7 1376 SC Fortuna Köln
71%
8 1327 1. FC Nürnberg
67%
2 1690 FC St. Pauli
67%
43 501 Hansa Rostock
60%
1 1834 SpVgg Greuther Fürth
58%
33 621 1. FC Union Berlin
56%
46 442 Dynamo Dresden
56%
3 1661 Hannover 96
56%
4 1497 Karlsruher SC
56%
97 117 RB Leipzig
56%
63 260 VfB Stuttgart
56%
26 757 1. FC Kaiserslautern
54%
16 1030 Fortuna Düsseldorf
54%
17 1028 Eintracht Braunschweig
52%
82 161 Werder Bremen
52%
18 1022 Hertha BSC
50%
24 781 SC Paderborn 07
50%
64 237 Freiburger FC
48%
10 1260 SC Freiburg
48%
11 1208 Arminia Bielefeld
46%
91 137 Borussia Dortmund
46%
54 357 Eintracht Frankfurt
46%
37 566 FC Augsburg
46%
39 547 Holstein Kiel
46%
5 1481 Alemannia Aachen
44%
22 894 VfL Bochum
44%
55 356 FC Ingolstadt 04
40%
28 748 Rot-Weiss Essen
40%
71 192 Schwarz-Weiß Essen
40%
6 1446 SV Darmstadt 98
40%
58 333 VfL Wolfsburg
40%
45 459 1. FC Heidenheim
38%
70 204 1. FC Magdeburg
38%
50 396 SSV Jahn Regensburg
38%
13 1100 MSV Duisburg
35%
51 395 SSV Ulm 1846
35%
14 1064 SV Waldhof Mannheim
35%
117 34 VfR Mannheim
35%
21 962 1. FSV Mainz 05
33%
38 552 FC Schalke 04
33%
109 60 TSG 1899 Hoffenheim
33%
41 505 Energie Cottbus
31%
20 1000 1. FC Saarbrücken
29%
12 1208 VfL Osnabrück
29%
110 52 FC Rot-Weiß Erfurt
27%
81 163 VfB Lübeck
27%
57 338 Wuppertaler SV
25%
78 175 FV 04 Würzburg
23%
92 137 SV Wehen Wiesbaden
23%
107 80 Würzburger Kickers
23%
75 182 Borussia Mönchengladbach
21%
56 347 FC Carl Zeiss Jena
21%
60 316 Chemnitzer FC
19%
23 841 FC 08 Homburg
19%
31 653 FSV Frankfurt
19%
15 1038 TSV 1860 München
19%
85 154 FSV Zwickau
17%
25 768 Rot-Weiß Oberhausen
17%
53 375 Eintracht Trier
15%
44 461 KSV Hessen Kassel
15%
36 576 Preußen Münster
15%
9 1264 Stuttgarter Kickers
15%
87 151 TuS Koblenz
15%
69 215 VfB Oldenburg
15%
42 504 SpVgg Unterhaching
13%
80 163 SV Elversberg
13%
62 292 VfB Leipzig
10%
90 141 1. FC Schweinfurt 05
8%
111 47 Bonner SC
8%
27 757 Kickers Offenbach
8%
29 670 SG Union Solingen
8%
48 418 SV Sandhausen
8%
47 430 Tennis Borussia berlin
8%
96 121 VfR Aalen
8%
68 216 Wacker Burghausen
8%
73 189 1. SC Göttingen 05
6%
65 236 Bayer 04 Leverkusen
6%
99 101 Borussia Neunkirchen
6%
59 323 Rot Weiss Ahlen
6%
95 125 Viktoria Aschaffenburg
6%
61 302 Wormatia Worms
6%
116 34 Hallescher FC
4%
34 617 KFC Uerdingen 05
4%
106 80 OSC Bremerhaven
4%
108 75 OSV Hannover
4%
32 622 SpVgg Bayreuth
4%
67 216 Westfalia Herne
4%
66 218 FC Bayern Hof
2%
30 665 FC Erzgebirge Aue
2%
93 134 FC Gütersloh
2%
89 144 FK Pirmasens
2%
103 91 MTV Ingolstadt
2%
19 1021 SG Wattenscheid 09
2%
128 10 Spandauer SV
2%
79 173 SV Arminia Hannover
2%
40 511 SV Meppen
2%
124 25 TSV Havelse
2%
101 97 1. FC Bocholt
0%
104 88 1. FC Mülheim
0%
52 379 Blau-Weiß 90 Berlin
0%
126 19 BSV 07 Schwenningen
0%
118 31 BSV Stahl Brandenburg
0%
105 83 DJK Gütersloh
0%
100 97 DSC Wanna-Eickel
0%
120 31 Eintracht Bad Kreuznach
0%
102 92 ESV Ingolstadt
0%
112 40 FC Hanau 93
0%
72 192 FC Remscheid
0%
125 25 FSV Salmrohr
0%
123 26 HSV Barmbek-Uhlenhorst
0%
94 129 KSV Baunatal
0%
84 155 Rot-Weiß Lüdenscheid
0%
114 39 SC Charlottenburg
0%
77 178 SC Herford
0%
83 159 SC Viktoria Köln
0%
119 31 Sportsfreunde Siegen
0%
98 106 SpVgg Erkenschwick
0%
88 148 SSV Reutlingen 05
0%
127 18 SV Babelsberg 03
0%
74 185 SV Röchling Völklingen
0%
115 37 TSR Olympia Wilhelmshaven
0%
122 29 TuS Schloß Neunhaus
0%
121 29 VfB Eppingen
0%
76 180 VfR Bürstadt
0%
113 40 VfR Heilbronn
0%
86 153 Wacker 04 Berlin
0%
Keine übereinstimmenden Quizze gefunden
Verteilung der Resultate
Anzahl Personen mit jedem Resultat
Perzentil nach korrekt beantworteten Fragen
Ihre Resultats-Entwicklung
Sie haben dieses Quiz noch nicht gespielt